04537nam a2200205 a 450000100080000000500110000800800410001910000280006024502280008826000230031650001130033952037600045265300130421265300170422565300160424265300110425865300240426965300270429365300110432010220172014-02-27 2001 bl uuuu m 00u1 u #d1 aGON??ALVES, P. A. de S. aImpacto de adubacoes mineral e organica sobre a incidencia de tripes, thrips tabaci Lind., e mildio, peronospora destructor Berk. Casp., e da diversidade vegetal sobre tripes e sirfideos predadores em cebola, Allium cepa L. a2001. 123 f.c2001 aTese (Doutorado em Ecologia e Recursos Naturais)- Universidade Federal de Sao Carlos, SP, 2001, S??o Carlos. aO objetivo deste trabalho foi analisar a rela????o entre aduba????es minerais e org??nicas sobre a incid??ncia de Thrips tabaci Lindeman 1888 (Thysanoptera: Thripidae) e Peronospora destructor Berk. Casp. (Peronosporales: Peronosporaceae), em cebola, Allium cepa L. (Alliaceae) e o efeito da diversidade vegetal na cultura sobre as densidades populacionais de T. tabaci e sirf??deos predadores. O trabalho constituiu-se de tr??s experimentos montados na Esta????o Experimental de Ituporanga da Empresa de Pesquisa Agropecu??ria e Extens??o Rural de Santa Catarina (EPAGRI). entre agosto e dezembro de 1998. Os tratamentos do experimento com aduba????o org??nica foram determinados de acordo com a necessidade de N para a cultura pela an??lise de solo. Os tratamentos foram diferentes fontes de adubo org??nico fornecendo 75 Kg/ha de N (estercos de su??no; adubo Barriga Verde , proveniente de esterco de aves; composto org??nico; esterco de peru; h??mus); 37,5 Kg/ha de N (metade da dose normal com esterco de su??no); testemunhas com aduba????o mineral fornecendo dose normal de NPK (30-120-60 kg/ha de N-P2O5-K2O) e dobro da dose (60-240-120 kg/ha de N-P2O5-K2O) e testemunha sem aduba????o. Os n??veis dos tratamentos no experimento com aduba????o mineral foram determinados respectivamente por 1 e 3 vezes a recomenda????o da an??lise de solo: 30-120-60 kg/ha de N-P2O5-K2O; 90-360-180 kg/ha de N-P2O5-K2O; 75,0 Kg/ha de N; 225,0 Kg/ha de N; 80,0 Kg/ha de P2O5 ; 240,0 Kg/ha de P2O5; 60,0 Kg/ha de K20; 180,0 Kg/ha de K20; as testemunhas com aduba????o org??nica foram esterco de su??no + fosfato natural em tr??s tratamentos (75,0 Kg/ha de N + 80,0 Kg/ha de P2O5 ; 225,0 Kg/ha de N + 240,0 Kg/ha de P2O5; 37,5 Kg/ha de N + 40,0 Kg/ha de P2O5) e testemunha sem aduba????o. Os tratamentos do experimento sobre diversidade vegetal foram: cebola em monocultivo; cebola + trigo mourisco (Fagopyrum esculentum Moench) (Poligonaceae); cebola + nabo forrageiro (Raphanus sativus L. var. oleiferus Metzg.) (Brassicacae); cebola + cenoura (Daucus carota L.) (Umbeliferae), cv. Nantes e cv. Bras??lia; cebola + milho (Zea mays L.) (Poaceae); 6) Cebola + r??cula (Eruca sativa) (Brassicaceae) + vegeta????o espont??nea. Nenhuma das fontes de aduba????o apresentou incid??ncia de T. tabaci e P. destructor superior ?? testemunha sem adubo. A aduba????o mineral em rela????o ?? org??nica n??o favoreceu significativamente a incid??ncia de T. tabaci e P. destructor . A incid??ncia de T. tabaci, diferiu entre tratamentos apenas em solo com hist??rico de manejo convencional, independente da fonte de aduba????o utilizada (mineral ou org??nica), enquanto que no org??nico n??o houve diferen??a entre tratamentos. A correla????o entre nutrientes, T. tabaci e P. destructor, na maioria das avalia????es n??o foi linear. Nos per??odos de maior incid??ncia de T. tabaci a rela????o com nutrientes foi mais alta para K/Zn (positiva) e Ca/Fe (positiva) e para P. destructor para Mg (positiva) e Mg/B (negativa), respectivamente para experimentos com fontes org??nicas e minerais. A rela????o entre nutrientes inseto e pat??geno foi vari??vel entre datas de amostragem e foi distinta para fontes minerais e org??nicas. A aduba????o org??nica em dose normal atingiu n??veis de produtividade similares ?? mineral. A associa????o de cebola com diferentes esp??cies vegetais n??o provocou diferen??as significativas na incid??ncia de T. tabaci e sirf??deos predadores. A correla????o entre sirf??deos predadores e incid??ncia de T. tabaci n??o foi significativa. A produtividade comercial e peso de bulbos de cebola foi similar em sistema de monocultivo e diversificado, o que sugere ser poss??vel adotar tais sistemas sem perdas significativas em rendimento. aAdubacao aAgroecologia aAllium cepa aCebola aDiversidade vegetal aPeronospora destructor aTripes